Cognitive behavior therapy : (Record no. 306)
[ view plain ]
| 000 -LEADER | |
|---|---|
| fixed length control field | 01980pam a2200385 a 4500 |
| 005 - DATE AND TIME OF LATEST TRANSACTION | |
| control field | 20260322212014.0 |
| 008 - FIXED-LENGTH DATA ELEMENTS--GENERAL INFORMATION | |
| fixed length control field | data |
| 010 ## - LIBRARY OF CONGRESS CONTROL NUMBER | |
| LC control number | 2011002830 |
| 016 7# - NATIONAL BIBLIOGRAPHIC AGENCY CONTROL NUMBER | |
| Record control number | 015817179 |
| Source | Uk |
| 020 ## - INTERNATIONAL STANDARD BOOK NUMBER | |
| International Standard Book Number | 9781609185046 (hardcover : alk. paper) |
| 020 ## - INTERNATIONAL STANDARD BOOK NUMBER | |
| International Standard Book Number | 1609185048 (hardcover : alk. paper) |
| 020 ## - INTERNATIONAL STANDARD BOOK NUMBER | |
| International Standard Book Number | 9781462503278 (electronic) |
| 040 ## - CATALOGING SOURCE | |
| Original cataloging agency | DLC |
| Transcribing agency | DLC |
| Modifying agency | UKMGB |
| -- | YDXCP |
| -- | VKC |
| -- | UKMGB |
| 041 09 - LANGUAGE CODE | |
| Language code of text/sound track or separate title | eng |
| 042 ## - AUTHENTICATION CODE | |
| Authentication code | nlmcopyc |
| -- | nlmcopyc |
| 044 ## - COUNTRY OF PUBLISHING/PRODUCING ENTITY CODE | |
| -- | United States |
| 050 00 - LIBRARY OF CONGRESS CALL NUMBER | |
| Classification number | RC489.C63 |
| Item number | B43 2011 |
| 060 10 - NATIONAL LIBRARY OF MEDICINE CALL NUMBER | |
| Classification number | WM 425.5.C6 |
| 082 00 - DEWEY DECIMAL CLASSIFICATION NUMBER | |
| Classification number | 616.89/1425 |
| Edition information | 22 |
| 096 ## - LOCALLY ASSIGNED NLM-TYPE CALL NUMBER (OCLC) | |
| Classification number | WM 425.5 .C6 B43 2011 |
| 001 - CONTROL NUMBER | |
| control field | data |
| 100 1# - MAIN ENTRY--PERSONAL NAME | |
| Personal name | Beck, Judith S. |
| 245 10 - TITLE STATEMENT | |
| Title | Cognitive behavior therapy : |
| Remainder of title | basics and beyond / |
| Statement of responsibility, etc. | Judith S. Beck & Judith S. Beck. |
| 250 ## - EDITION STATEMENT | |
| Edition statement | 2nd ed. |
| 260 ## - PUBLICATION, DISTRIBUTION, ETC. | |
| Place of publication, distribution, etc. | New York : |
| Name of publisher, distributor, etc. | Guilford Press, |
| Date of publication, distribution, etc. | c2011. |
| 300 ## - PHYSICAL DESCRIPTION | |
| Extent | xix, 391 p. : |
| Other physical details | ill. ; |
| Dimensions | 24 cm. |
| 500 ## - GENERAL NOTE | |
| General note | Rev. ed. of: Cognitive therapy. c1995. |
| 504 ## - BIBLIOGRAPHY, ETC. NOTE | |
| Bibliography, etc. note | Includes bibliographical references and index. |
| 505 0# - FORMATTED CONTENTS NOTE | |
| Formatted contents note | Introduction to cognitive therapy -- Overview of treatment -- Cognitive conceptualization -- The evaluation session -- Structure of the first therapy session -- Behavioral activation -- Session two and beyond -- Problems with structuring the therapy session -- Identifying automatic thoughts -- Identifying emotions -- Evaluating automatic thoughts -- Responding to automatic thoughts -- Identifying and modifying intermediate beliefs -- Core beliefs -- Additional cognitive and behavioral techniques -- Imagery -- Homework -- Termination and relapse prevention -- Treatment planning -- Problems in therapy -- Progressing as a cognitive therapist. |
| 650 12 - SUBJECT ADDED ENTRY--TOPICAL TERM | |
| Topical term or geographic name entry element | Cognitive Therapy |
| General subdivision | methods |
| 650 22 - SUBJECT ADDED ENTRY--TOPICAL TERM | |
| Topical term or geographic name entry element | Mental Disorders |
| General subdivision | therapy |
| 700 1# - ADDED ENTRY--PERSONAL NAME | |
| Personal name | Beck, Judith S. |
| Title of a work | Cognitive therapy. |
| 856 4# - ELECTRONIC LOCATION AND ACCESS | |
| Uniform Resource Identifier | <a href="http://www.r2library.com/Resource/Title/1609185048">http://www.r2library.com/Resource/Title/1609185048</a> |
| Link text | Link to book at Rittenhouse R2. |
| 994 ## - | |
| -- | CDN |
| -- | 20111107 |
| Withdrawn status | Lost status | Damaged status | Not for loan | Home library | Current library | Shelving location | Date acquired | Total checkouts | Full call number | Barcode | Date last seen | Price effective from | Koha item type |
|---|---|---|---|---|---|---|---|---|---|---|---|---|---|
| Franklin | Franklin | General stacks | 22/03/2026 | 616.89/1425 22 | BC0010315 | 22/03/2026 | 22/03/2026 | Books |